Tenkeiki no seiji to keizai /
Saved in:
| Main Author: | |
|---|---|
| Format: | Book |
| Language: | Japanese |
| Published: |
Tōkyō :
Ōdosha,
Shōwa 22 [1947]
|
| Subjects: | |
| Tags: |
Add Tag
No Tags, Be the first to tag this record!
|
| LEADER | 00932nam a2200265 a 4500 | ||
|---|---|---|---|
| 001 | 007765555-9 | ||
| 005 | 20024617115255.0 | ||
| 008 | 861209s1947 ja 000 0 jpn | ||
| 010 | |a 86227007 /AJ | ||
| 035 | 0 | |a ocm15858993 | |
| 040 | |a DLC |c DLC |d *YNH* |d CStRLIN | ||
| 043 | |a a-ja--- | ||
| 050 | 0 | |a HC462.9 |b .T2916 1948 | |
| 100 | 1 | |6 880-01 |a Takahashi, Masao, |d 1901- | |
| 245 | 1 | 0 | |6 880-02 |a Tenkeiki no seiji to keizai / |c Takahashi Masao cho. |
| 260 | |6 880-03 |a Tōkyō : |b Ōdosha, |c Shōwa 22 [1947] |g (Shōwa 23 [1948] printing) | ||
| 300 | |a 2, 336 p. ; |c 18 cm. | ||
| 500 | |a Colophon inserted. | ||
| 651 | 0 | |a Japan |x Economic policy |y 1945- | |
| 651 | 0 | |a Japan |x Politics and government |y 1945- | |
| 880 | 1 | |6 100-01 |a 高橋正雄, |d 1901- | |
| 880 | 1 | 0 | |6 245-02 |a 轉形期の政治と經濟 / |c 高橋正雄著. |
| 880 | |6 260-03 |a 東京 : |b 黃土社, |c 昭和 22 [1947] |g (昭和 23 [1948] printing) | ||
| 988 | |a 20021127 | ||
| 906 | |0 DLC | ||


